Bratislava hostila kongres CEOCOR 2023
Výmena najnovších vedeckých poznatkov a skúseností z praxe bola cieľom výročného kongresu Komisie pre výskum korózie a ochranu plynovodov a plynovodných sústav pre pitnú, odpadovú vodu, plyn a ropu (CEOCOR), ktorý sa konal v Bratislave v dňoch 30. 5. – 2. 6. 2023.
Saved in:
| Main Author: | |
|---|---|
| Format: | Book Chapter |
| Language: | Slovak |
| Subjects: | |
| Tags: |
No Tags, Be the first to tag this record!
|
MARC
| LEADER | 00000naa a2200000 4500 | ||
|---|---|---|---|
| 001 | 0303398 | ||
| 005 | 20260127125817.9 | ||
| 041 | 0 | |a slo | |
| 044 | |a SK | ||
| 245 | 1 | 0 | |a Bratislava hostila kongres CEOCOR 2023 |c Peter Jurkovič |
| 520 | |a Výmena najnovších vedeckých poznatkov a skúseností z praxe bola cieľom výročného kongresu Komisie pre výskum korózie a ochranu plynovodov a plynovodných sústav pre pitnú, odpadovú vodu, plyn a ropu (CEOCOR), ktorý sa konal v Bratislave v dňoch 30. 5. – 2. 6. 2023. | ||
| 610 | 2 | 0 | |a Slovensko |
| 610 | 2 | 0 | |a plynovody |
| 610 | 2 | 0 | |a škody |
| 610 | 2 | 0 | |a priemysel |
| 610 | 2 | 0 | |a zväzy zamestnávateľov |
| 100 | 1 | |a Jurkovič, Peter | |